Govt. of
Madhya Pradesh

M P P EB प्राथमिक शिक्षक पात्रता परीक्षा नोट्स (संविदा शिक्षक वर्ग 3 )2020 (Record no. 62409)

MARC details
000 -LEADER
fixed length control field 00599nam a22001577a 4500
003 - CONTROL NUMBER IDENTIFIER
control field macl
005 - DATE AND TIME OF LATEST TRANSACTION
control field 20200315121906.0
008 - FIXED-LENGTH DATA ELEMENTS--GENERAL INFORMATION
fixed length control field 200315b xxu||||| |||| 00| 0 eng d
040 ## - CATALOGING SOURCE
Transcribing agency macl
082 ## - DEWEY DECIMAL CLASSIFICATION NUMBER
Classification number 370
100 ## - MAIN ENTRY--PERSONAL NAME
Personal name पुणेकर
9 (RLIN) 78649
245 ## - TITLE STATEMENT
Title M P P EB प्राथमिक शिक्षक पात्रता परीक्षा नोट्स (संविदा शिक्षक वर्ग 3 )2020
260 ## - PUBLICATION, DISTRIBUTION, ETC. (IMPRINT)
Place of publication, distribution, etc. इन्‍दौर
Name of publisher, distributor, etc. पुणेकर पब्लिकेशन्‍स
Date of publication, distribution, etc. 2020
650 ## - SUBJECT ADDED ENTRY--TOPICAL TERM
Topical term or geographic name as entry element शिक्षा
9 (RLIN) 78650
942 ## - ADDED ENTRY ELEMENTS (KOHA)
Source of classification or shelving scheme
Koha item type Hindi Books
Holdings
Withdrawn status Lost status Source of classification or shelving scheme Damaged status Not for loan Home library Current library Date acquired Cost, normal purchase price Total Checkouts Full call number Barcode Date last seen Price effective from Koha item type Total Renewals Date last checked out
          MACL MACL 15/03/2020 300.00   370 GCLC00405 15/03/2020 15/03/2020 Hindi Books    
          MACL MACL 15/03/2020 300.00 1 370 GCLC00406 11/10/2022 15/03/2020 Hindi Books   11/10/2022
          MACL MACL 15/03/2020 300.00   370 GCLC00407 15/03/2020 15/03/2020 Hindi Books